00869nam a2200241Ia 4500003000400000005001700004008004100021020001500062040001800077041000800095082002200103100002400125245004200149250001200191260005700203300001500260650004800275650003300323650005300356942003100409999001900440952016800459OSt20230503150002.0210716s2005 xx 000 0 und d a8120321332 cAIMIT LIBRARY aeng a004.694 21bAWAE aAwad, Elias.997214 aElectronic commerce /cBy Elias Awad. a1st ed. aNew Delhi :bPrentice Hall of India PVt Ltd ,c2005. axx,497p. ; aLaunching a business on the internet997215 aInternet architecture997216 aWeb site evaluation and usability testing997217 2ddccBKe1stk004.694 AWAE c187027d187027 00102ddc40708MCAaAIMITbAIMITeSita Book Houseg250.00iBill no:47; Bill dt:2005-01-28l0o004.694 AWAEpMCA06535r2025-07-21 00:00:00v200.00w2021-07-16yBK